1134 1921 1484 1391 1717 1312 1230 1850 1424 1693 1986 1033 1184 1596 1343 1186 1017 1414 1796 1596 1560 1833 1648 1813 1786 1746 1064 1960 1730 1782 1938 1551 1075 1456 1770 1384 1961 1119 1899 1680 1437 1456 1205 1750 1972 1007 1499 1864 1523 1447 1371 1622 1047 1940 1673 1631 1044 1611 1503 1185 1891 1383 1752 1966 1566 1568 1243 1269 1931 1237 1828 1714 1957 1122 1684 1935 1501 1965 1565 1527 1342 1067 1284 1877 1545 1819 1983 1244 1856 1399 1675 1114 1652 1427 1008 1347 1047 1937 1752 BCNSPRNW ULIB Ver.6.0+V

เปลี่ยนเป็นภาษาไทย

Change to English
 แสดงรายละเอียดบรรณานุกรม
  กลับหน้าหลัก

Brief Record : Get Marc (ISO 2709) : E-mail record : QR code < ปิดหน้าต่าง
LEADER : 00000nam 2200000uu 4500
001    13399109064
003     ULIB
008    110321s2553||||th 000 0 tha d
020    9789744141354
041 0  tha^heng
050  4 HD53^bอ963อ 2553
100 0  แอ็กเซลรอด, อลัน
245 10 อัจฉริยะพลิกโลก :^b102 ต้นแบบวิธีพัฒนาความคิดแบบอัจฉริยะ =Edison on innovation /^cผู้เขียน Alan Axelrod ; ผู้แปล สุฎางค์ เอกสุวรรณ
246 31 Edison on innovation
250    พิมพ์ครั้งที่ 1
260    กรุงเทพฯ :^bเอ็กซเปอร์เน็ท,^c2553
300     222 หน้า ;^c21 ซม.
500    แปลและเรียบเรียงจาก Edison on innovation : 102 lessons increativity for business and beyond
650  7 การจัดการ
650  7 การสร้างสรรค์ทางธุรกิจ
650  7 นวัตกรรมทางเทคโนโลยี
700 0  สุฎางค์ เอกสุวรรณ,^eผู้แปล
945    ^p200^l0^i029844
945    ^p200^l0^i027969
945    ^p200^l0^i029843
995    เกษร
999 ^a ใช้งานได้ทุกระบบ
รายการนี้ยังไม่มีแท็ก
คุณยังไม่ได้ล็อกอิน คุณสามารถมีกิจกรรมร่วมกับเว็บไซต์ได้ แต่ต้องล็อกอินก่อน ::
  ล็อกอิน

รายการสื่อสารสนเทศ

ลำดับที่ ประเภท เลขเรียก/บาร์โค้ด สถานที่ สถานะ
- ไม่พบข้อมูล -

รายการใกล้เคียง
    ผู้แต่ง [แอ็กเซลรอด, อลัน]

    หัวเรื่อง [การจัดการ]
    หัวเรื่อง [การสร้างสรรค์ทางธุรกิจ]
    หัวเรื่อง [นวัตกรรมทางเทคโนโลยี]

BibComment


ยังไม่เคยถูกคอมเมนท์

คอมเมนท์ทรัพยากรรายการนี้
  คอมเมนท์: อัจฉริยะพลิกโลก ..


 Copyright 2026. Bcnsprnw @Library